00000000nas 2200000zi 4500
0019.941842
003CaOODSP
00520250428164038
006m     o  d f      
007cr |||||||||||
008240814u1972uuuuonc|x m ot   f0###|0eng|d
022 |y0319-9835
040 |aCaOODSP|beng|erda|cCaOODSP
043 |an-cn---
0861 |aDR52-19E-PDF
1300 |aDCIEM report.
24510|aDCIEM report.
2461 |aDefence and Civil Institute of Environmental Medicine report
2461 |iMost issues for 1983- have title: |aDCIEM
2461 |aDCIEM research report |f1987
264 1|aDownsview, Ontario : |bDefence and Civil Institute of Environmental Medicine : |bDefence Research Board - Department of National Defence
310 |aIrregular
336 |atext|btxt|2rdacontent
337 |acomputer|bc|2rdamedia
338 |aonline resource|bcr|2rdacarrier
515 |aSome issues published out of chronological order.
5881 |aDescription based on: no. 814 (September 1972); title from PDF title page.
5881 |aLatest issue consulted: no. 96-R-12 (February 1996).
650 0|aBiomedical engineering|xResearch|zCanada.
650 0|aMilitary research|zCanada.
650 6|aGénie biomédical|xRecherche|zCanada.
650 6|aRecherche militaire|zCanada.
7102 |aDefence and Civil Institute of Environmental Medicine (Canada), |eissuing body.
7101 |aCanada. |bDefence Research Board, |eissuing body.
7101 |aCanada. |bDepartment of National Defence, |eissuing body.